| 000 | 00607nam a2200229Ia 4500 | ||
|---|---|---|---|
| 003 | OSt | ||
| 005 | 20220925215211.0 | ||
| 006 | a|||||r|||| 00| 0 | ||
| 007 | ta | ||
| 008 | 220923b |||||||| |||| 00| 0 eng d | ||
| 037 | _cGeneral Book | ||
| 040 |
_aRTL _cRTL _beng |
||
| 041 |
_2eng _aeng |
||
| 082 | _aX:514, M2 | ||
| 100 |
_aGillam Alan _9282391 |
||
| 245 | 0 | _aPrinciples and practices of selling | |
| 260 |
_aLondon _bHeinemann _c1982 |
||
| 300 |
_a160p _ccm. |
||
| 650 |
_aSalesmanship _9229886 |
||
| 942 |
_hX:514, M2 _cGB _2CC |
||
| 999 |
_c568208 _d568208 |
||